000 00517nam a2200181Ia 4500
008 090124s9999 xx 000 0 und d
082 _b35845
100 _aकुलकर्णी अमृता
245 _a कवडसे
250 _a1
260 _bशुभा प्रकाशन
_c1998
300 _a49
600 _aकुलकर्णी अमृता
630 _a कवडसे
700 _aकुलकर्णी अमृता
730 _a कवडसे
942 _cBOOK
999 _c101793
_d101793